| 000 | 00412nam a2200169Ia 4500 | ||
|---|---|---|---|
| 003 | GCL | ||
| 008 | 140319s9999 xx 000 0 eng d | ||
| 040 |
_aGCL / _cGCL |
||
| 082 | 0 | 4 |
_a843 _bG D |
| 100 | 1 | _aGIOVANNI, JOSE | |
| 245 | 1 | 0 |
_aLE DEUXIEME SOUFFLE / _cGIOVANNI, JOSE |
| 260 |
_a[S.N] : _bFOLIO ، _c1988 |
||
| 300 | _a281 P | ||
| 650 | 0 | 4 | _aLITERATURE |
| 650 | 0 | 4 | _aFRENCH LITERATURE |
| 942 |
_2ddc _cBK |
||
| 999 |
_c21739 _d21739 |
||